Omnibus Science: (Record no. 182992)

MARC details
000 -LEADER
fixed length control field 00629 a2200205 4500
005 - DATE AND TIME OF LATEST TRANSACTION
control field 20211214110247.0
010 ## - LCCN (DPL NO)
LC control number ENG-130296
020 ## - INTERNATIONAL STANDARD BOOK NUMBER
Terms of availability 495.00
International Standard Book Number 978-93-81952-90-0
035 ## - SYSTEM CONTROL NUMBER
System control number EN-113828
037 ## - SOURCE OF ACQUISITION
Source of stock number/acquisition DBAD / PUB
082 ## - DEWEY DECIMAL CLASSIFICATION NUMBER
Classification number 500
245 ## - TITLE STATEMENT
Title Omnibus Science:
Remainder of title Edited By Shyam Singh Tanwar
260 ## - PUBLICATION, DISTRIBUTION, ETC. (IMPRINT)
Name of publisher, distributor, etc Khandelwal Publishers and Distributors
Date of publication, distribution, etc 2020
Place of publication, distribution, etc Jaipur
270 ## - ADDRESS
Electronic mail address kpdjpr@gmail.com
Address 57, 1st Floor, Natani Bhawan, Mishra Rajaji Ka Rasta
City Jaipur
Postal code 302001
300 ## - PHYSICAL DESCRIPTION
Extent 495p.
Dimensions 22cm (pbk)
700 ## - ADDED ENTRY--PERSONAL NAME
Personal name Mradulata
700 ## - ADDED ENTRY--PERSONAL NAME
Personal name Deepak
700 ## - ADDED ENTRY--PERSONAL NAME
Personal name Lohit
942 ## - ADDED ENTRY ELEMENTS (KOHA)
Institution code [OBSOLETE] dpl
Item type English Books
Source of classification or shelving scheme Dewey Decimal Classification
Classification part 500
Call number suffix SHY
Holdings
Withdrawn status Lost status Not for loan Collection code Home library Current library Date acquired Source of acquisition Cost, normal purchase price Full call number Barcode Copy number Cost, replacement price Koha item type
      Non-fiction Bawana Bawana 14/12/2021 DBAD/PUB 495.00 500 SHY EN-113828 1 495.00 English Books

© Delhi Public Library
Hit Counter
free hit counter